Physics : Probeware lab manual

Đã lưu trong:
Bibliografiske detaljer
Format: Bog
Sprog:Undetermined
Udgivet: New York John Wiley & Sons 2003
Fag:
Tags: Tilføj Tag
Ingen Tags, Vær først til at tagge denne postø!
Thư viện lưu trữ: Trung tâm Học liệu Trường Đại học Cần Thơ
LEADER 00419nam a2200169Ia 4500
001 CTU_109604
008 210402s9999 xx 000 0 und d
082 |a 530 
082 |b P578 
245 0 |a Physics : 
245 0 |b Probeware lab manual 
260 |a New York 
260 |b John Wiley & Sons 
260 |c 2003 
650 |a Physics 
904 |i Tuyến 
980 |a Trung tâm Học liệu Trường Đại học Cần Thơ